Catálogo
 En Linea

Historia de las ideas esteticas en Espana, / (Registro nro. 1304)

Detalles MARC
000 -CABECERA
campo de control de longitud fija 00738cam a22002171 4500
001 - NÚMERO DE CONTROL
campo de control 000001380
005 - FECHA Y HORA DE LA ÚLTIMA TRANSACCIÓN
campo de control 20200929145547.0
008 - DATOS DE LONGITUD FIJA--INFORMACIÓN GENERAL
campo de control de longitud fija 860306m19289999sp 000 0 spa
010 ## - NÚMERO DE CONTROL DE LA BIBLIOTECA DEL CONGRESO
Número de control de LC 31006310
040 ## - FUENTE DE LA CATALOGACIÓN
Centro catalogador/agencia de origen DO-SdBNP
Lengua de catalogación spa
Centro/agencia transcriptor BNPHU
082 ## - NÚMERO DE LA CLASIFICACIÓN DECIMAL DEWEY
Número de clasificación 701
100 2# - ENTRADA PRINCIPAL--NOMBRE DE PERSONA
Nombre de persona Menendez y Pelayo, Marcelino,
Fechas asociadas al nombre 1856-1912.
9 (RLIN) 4620
245 10 - MENCIÓN DE TÍTULO
Título Historia de las ideas esteticas en Espana, /
Mención de responsabilidad, etc. por d. Marcelino Menendez y Pelayo.
250 ## - MENCIÓN DE EDICIÓN
Mención de edición 4. ed. corr. y aum.
260 ## - PUBLICACIÓN, DISTRIBUCIÓN, ETC.
Lugar de publicación, distribución, etc. Madrid, :
Nombre del editor, distribuidor, etc. Hernando,
Fecha de publicación, distribución, etc. 1928-.
300 ## - DESCRIPCIÓN FÍSICA
Extensión v. ;
Dimensiones 17 cm.
490 0# - MENCIÓN DE SERIE
Mención de serie Coleccion de escritores castellanos ... Criticos
500 ## - NOTA GENERAL
Nota general Vol. 1, 1929; v. 2, 1928; v. 3, 1930.
650 #0 - PUNTO DE ACCESO ADICIONAL DE MATERIA--TÉRMINO DE MATERIA
Término de materia o nombre geográfico como elemento de entrada Aesthetics
Subdivisión general History.
9 (RLIN) 4621
650 #0 - PUNTO DE ACCESO ADICIONAL DE MATERIA--TÉRMINO DE MATERIA
Término de materia o nombre geográfico como elemento de entrada Spanish literature
Subdivisión general History and criticism.
9 (RLIN) 4622
Existencias
Estado de retiro Estado de pérdida Restricciones de uso No para préstamo Código de colección Localización permanente Ubicación/localización actual Ubicación en estantería Fecha de adquisición Número de inventario Total de préstamos Signatura topográfica completa Código de barras Fecha visto por última vez Precio válido a partir de Tipo de ítem Koha
    Préstamo interno Préstamo restrigido Monografías: Libros y Folletos General General En encuadernación 22.09.2009 LF1   701 1380-10 25.06.2020 25.06.2020 Préstamo interno

Con tecnología Koha